[Event "37. Copenhagen Open (Politiken Cup)"]
[Site "Elsinore"]
[Date "2015.07.26"]
[Round "3"]
[White "Jacobsen, Fredrik Beer"]
[Black "Vehl, Tina"]
[Result "1-0"]
[WhiteElo "2071"]
[BlackElo "1851"]
[PlyCount "63"]
[EventDate "2015.07.25"]
[EventType "swiss"]
[EventRounds "10"]
[EventCountry "DEN"]
[Source "ChessBase"]
[SourceDate "2015.09.14"]

1. e4 c5 2. Nc3 e6 3. g3 d5 4. exd5 exd5 5. Bg2 Nf6 6. d3 Be7 7. Nge2 Nc6 8.
Bg5 d4 9. Bxf6 Bxf6 10. Nd5 O-O 11. O-O Bg4 12. h3 Bd7 13. Qd2 Be7 14. Rae1 Bd6
15. c4 Rb8 16. Nef4 Ne5 17. Kh1 b5 18. b3 bxc4 19. bxc4 Ng6 20. Nh5 f5 21. Re2
Re8 22. Rfe1 Rxe2 23. Qxe2 Qf8 24. Qd2 Ne5 25. Nhf4 Re8 26. Rb1 Rb8 27. Rxb8
Qxb8 28. Qa5 Nc6 29. Qa6 Qe8 30. Bf3 Bb8 31. Kg2 Bc8 32. Qxc6 1-0

[Event "37. Copenhagen Open (Politiken Cup)"]
[Site "Elsinore"]
[Date "2015.07.26"]
[Round "3"]
[White "Jacobsen, Heidrikur Tindskar"]
[Black "Lofgren, Claes"]
[Result "1-0"]
[WhiteElo "1902"]
[BlackElo "2102"]
[PlyCount "103"]
[EventDate "2015.07.25"]
[EventType "swiss"]
[EventRounds "10"]
[EventCountry "DEN"]
[Source "ChessBase"]
[SourceDate "2015.09.14"]

1. Nc3 d5 2. e4 d4 3. Nce2 e5 4. Ng3 Be6 5. Bb5+ c6 6. Ba4 f6 7. Bb3 Bxb3 8.
axb3 d3 9. c3 Qd7 10. Nh3 c5 11. f4 Nc6 12. O-O O-O-O 13. f5 g6 14. Rf3 Nh6 15.
Nf2 gxf5 16. Nxf5 Nxf5 17. Rxf5 Rg8 18. Rf3 Qf7 19. Rxd3 Rxd3 20. Nxd3 c4 21.
bxc4 Qxc4 22. Qf3 Kb8 23. Nf2 Bc5 24. d3 Qb3 25. Qe2 Rd8 26. Bh6 a6 27. Rd1 Rd7
28. Rd2 a5 29. Be3 Qb6 30. Bxc5 Qxc5 31. Qg4 Rd8 32. Qf5 Qe3 33. Rd1 Rxd3 34.
Rf1 Rd2 35. Qxh7 Rxb2 36. Qh8+ Ka7 37. Qxf6 Qxc3 38. h4 a4 39. h5 a3 40. h6 a2
41. h7 Rb1 42. Rxb1 axb1=Q+ 43. Kh2 Nd4 44. Qh4 Ne2 45. Nh3 Qe3 46. h8=Q Qexe4
47. Qxe4 Qxe4 48. Qd8 Qd4 49. Qa5+ Kb8 50. Qb5 Nf4 51. Qb3 Qf2 52. Nxf2 1-0

[Event "37. Copenhagen Open (Politiken Cup)"]
[Site "Elsinore"]
[Date "2015.07.26"]
[Round "3"]
[White "Jacobsen, Per"]
[Black "Hinrichs, Kurt"]
[Result "1-0"]
[WhiteElo "1680"]
[BlackElo "1268"]
[PlyCount "51"]
[EventDate "2015.07.25"]
[EventType "swiss"]
[EventRounds "10"]
[EventCountry "DEN"]
[Source "ChessBase"]
[SourceDate "2015.09.14"]

1. b3 d5 2. Bb2 e6 3. e3 c5 4. Nf3 h6 5. Be2 Nf6 6. O-O Nc6 7. a3 Be7 8. d4 O-O
9. Nbd2 Bd7 10. Rc1 Qc7 11. dxc5 Bxc5 12. Bxf6 gxf6 13. b4 Bd6 14. c4 f5 15.
cxd5 exd5 16. b5 Bxa3 17. Rc2 Bd6 18. bxc6 Bxc6 19. g3 Qe7 20. Nd4 Bd7 21. Bb5
a6 22. Bxd7 Qxd7 23. N2f3 Be7 24. Qd3 f4 25. exf4 Qg4 26. Nf5 1-0

[Event "37. Copenhagen Open (Politiken Cup)"]
[Site "Elsinore"]
[Date "2015.07.26"]
[Round "3"]
[White "Jarve, Edvin"]
[Black "Liedbeck, Patrik"]
[Result "0-1"]
[WhiteElo "1637"]
[BlackElo "1986"]
[PlyCount "96"]
[EventDate "2015.07.25"]
[EventType "swiss"]
[EventRounds "10"]
[EventCountry "DEN"]
[Source "ChessBase"]
[SourceDate "2015.09.14"]

1. d4 d5 2. c4 c6 3. Nf3 Nf6 4. e3 Bf5 5. Nc3 e6 6. Nh4 Bg6 7. Be2 Nbd7 8. O-O
Bd6 9. g3 O-O 10. Nxg6 hxg6 11. Qc2 Rc8 12. c5 Bc7 13. f4 Ba5 14. Bd3 b6 15.
cxb6 axb6 16. Qg2 c5 17. Bd2 Ne8 18. g4 f5 19. g5 Nd6 20. h4 Kf7 21. Nb1 Rh8
22. Bxa5 bxa5 23. Qf2 c4 24. Bc2 Nb6 25. Nc3 Qd7 26. Kg2 Ne4 27. Bxe4 dxe4 28.
Kg3 Nd5 29. Nxd5 exd5 30. Qd2 Qb5 31. Rfc1 Rb8 32. Rc2 Rhe8 33. Rb1 a4 34. Qc3
Qb4 35. Rcc1 Re7 36. Kf2 Reb7 37. Qc2 Qa5 38. Kg3 Ke6 39. Rd1 Rb4 40. Rd2 R8b5
41. Rdd1 Kf7 42. Rdc1 a3 43. bxa3 Qxa3 44. Re1 Rxb1 45. Rxb1 Qxe3+ 46. Kh2
Qxf4+ 47. Kh3 Qg4+ 48. Kh2 Qxh4+ 0-1

[Event "37. Copenhagen Open (Politiken Cup)"]
[Site "Elsinore"]
[Date "2015.07.26"]
[Round "3"]
[White "Jensen, Jonbert"]
[Black "Andersen, Dag"]
[Result "0-1"]
[WhiteElo "1569"]
[BlackElo "1840"]
[PlyCount "66"]
[EventDate "2015.07.25"]
[EventType "swiss"]
[EventRounds "10"]
[EventCountry "DEN"]
[Source "ChessBase"]
[SourceDate "2015.09.14"]

1. e4 c5 2. Nf3 e6 3. Be2 Nc6 4. O-O d6 5. d4 cxd4 6. Nxd4 Nf6 7. Bg5 Be7 8.
Nxc6 bxc6 9. e5 dxe5 10. Qxd8+ Bxd8 11. Nc3 O-O 12. Rad1 h6 13. Bh4 Rb8 14. Rd6
Rxb2 15. Bd3 Bb7 16. Ne4 Nxe4 17. Rxd8 Rxd8 18. Bxd8 Nc5 19. Bc7 Nxd3 20. cxd3
f6 21. Bd6 Ba6 22. Ra1 Bxd3 23. Bc5 a5 24. f3 a4 25. a3 Rc2 26. Rd1 e4 27. fxe4
Bxe4 28. Rd4 Bd5 29. Bd6 Rxg2+ 30. Kf1 Rc2 31. Rxa4 c5 32. Ra5 c4 33. Bb4 Rxh2
0-1

[Event "37. Copenhagen Open (Politiken Cup)"]
[Site "Elsinore"]
[Date "2015.07.26"]
[Round "3"]
[White "Jensen, Michael Agermose"]
[Black "Vatnestrom, Leo Andreas Giske"]
[Result "1-0"]
[WhiteElo "1984"]
[BlackElo "1628"]
[PlyCount "61"]
[EventDate "2015.07.25"]
[EventType "swiss"]
[EventRounds "10"]
[EventCountry "DEN"]
[Source "ChessBase"]
[SourceDate "2015.09.14"]

1. e4 d5 2. d4 dxe4 3. Nc3 Nf6 4. f3 exf3 5. Nxf3 Bf5 6. Bc4 e6 7. Bg5 h6 8.
Bh4 g5 9. Bg3 Bb4 10. O-O O-O 11. Ne2 Nc6 12. h4 Nh5 13. hxg5 hxg5 14. c3 Be7
15. Qd2 f6 16. Nxg5 fxg5 17. Rxf5 Rxf5 18. Bxe6+ Rf7 19. Rf1 Bf6 20. Bxf7+ Kxf7
21. Qxg5 Qh8 22. Qd5+ Ke8 23. Bxc7 Rc8 24. Bh2 Qh6 25. Nf4 Nxf4 26. Bxf4 Qh4
27. g3 Qh3 28. Re1+ Kf8 29. Re6 Be7 30. Qd7 Rd8 31. Rf6+ 1-0

[Event "37. Copenhagen Open (Politiken Cup)"]
[Site "Elsinore"]
[Date "2015.07.26"]
[Round "3"]
[White "Jensen, Thore Nyboe"]
[Black "Andersen, Claus"]
[Result "1-0"]
[WhiteElo "2008"]
[BlackElo "1773"]
[PlyCount "75"]
[EventDate "2015.07.25"]
[EventType "swiss"]
[EventRounds "10"]
[EventCountry "DEN"]
[Source "ChessBase"]
[SourceDate "2015.09.14"]

1. e4 e5 2. Nf3 Nf6 3. Nxe5 d6 4. Nf3 Nxe4 5. Nc3 Nxc3 6. dxc3 Be7 7. Be3 Nc6
8. Qd2 Be6 9. O-O-O Qd7 10. Kb1 a6 11. Be2 O-O-O 12. Nd4 Nxd4 13. Qxd4 c5 14.
Qxg7 Qa4 15. c4 Rdg8 16. Qc3 Rd8 17. b3 Qe8 18. Bf4 Rg8 19. Bf3 Rd7 20. Rd2 Qd8
21. Qd3 h5 22. Bxh5 Rxg2 23. Bg3 d5 24. Bf3 Rxg3 25. fxg3 Bg5 26. Rdd1 d4 27.
h4 Be3 28. Qe4 Qf6 29. g4 Re7 30. g5 Qh8 31. Bg4 Qd8 32. g6 Bxg4 33. Qxg4+ Kb8
34. h5 Qa5 35. g7 Qa3 36. g8=Q+ Ka7 37. Q4c8 Bf4 38. Qgd8 1-0

[Event "37. Copenhagen Open (Politiken Cup)"]
[Site "Elsinore"]
[Date "2015.07.26"]
[Round "3"]
[White "Jensen, Tommy"]
[Black "Olsen, Michael Richard W"]
[Result "1/2-1/2"]
[WhiteElo "1821"]
[BlackElo "2070"]
[PlyCount "47"]
[EventDate "2015.07.25"]
[EventType "swiss"]
[EventRounds "10"]
[EventCountry "DEN"]
[Source "ChessBase"]
[SourceDate "2015.09.14"]

1. Nf3 Nf6 2. d4 e6 3. Bg5 Be7 4. e3 b6 5. g3 Bb7 6. Bg2 h6 7. Bxf6 Bxf6 8. O-O
d5 9. Nbd2 Nd7 10. c4 O-O 11. Rc1 Be7 12. cxd5 exd5 13. Re1 f5 14. a3 Bd6 15.
b4 Qe7 16. Nh4 Qf7 17. f4 Rab8 18. Nhf3 c6 19. Ne5 Nxe5 20. dxe5 Be7 21. Nf3 c5
22. bxc5 bxc5 23. Rb1 Bd8 24. Ng5 1/2-1/2

[Event "37. Copenhagen Open (Politiken Cup)"]
[Site "Elsinore"]
[Date "2015.07.26"]
[Round "3"]
[White "Johansson, Linus"]
[Black "Molvig, Henrik"]
[Result "1-0"]
[WhiteElo "2379"]
[BlackElo "2157"]
[PlyCount "69"]
[EventDate "2015.07.25"]
[EventType "swiss"]
[EventRounds "10"]
[EventCountry "DEN"]
[Source "ChessBase"]
[SourceDate "2015.09.14"]

1. d4 Nf6 2. c4 g6 3. Nc3 Bg7 4. Nf3 O-O 5. Bg5 h6 6. Bh4 d6 7. e3 c6 8. Be2
Bf5 9. O-O Nbd7 10. b4 g5 11. Bg3 Bg6 12. Nd2 Ne8 13. f3 e5 14. Nb3 f5 15. Bf2
Qe7 16. Rc1 Ndf6 17. d5 c5 18. bxc5 dxc5 19. e4 b6 20. exf5 Bxf5 21. Bd3 Nd6
22. Bxf5 Nxf5 23. Nd2 Nd6 24. Nce4 Nfxe4 25. Nxe4 h5 26. Be3 Nxe4 27. fxe4 g4
28. Qd2 Qd6 29. Bg5 Kh7 30. Rf2 Rxf2 31. Qxf2 Qg6 32. Be7 Qxe4 33. d6 Qd3 34.
Qf1 Qg6 35. d7 1-0

[Event "37. Copenhagen Open (Politiken Cup)"]
[Site "Elsinore"]
[Date "2015.07.26"]
[Round "3"]
[White "Jorgensen, Alexander Torp"]
[Black "Merkesvik, Amalie Isabel"]
[Result "1-0"]
[WhiteElo "1842"]
[BlackElo "1461"]
[PlyCount "73"]
[EventDate "2015.07.25"]
[EventType "swiss"]
[EventRounds "10"]
[EventCountry "DEN"]
[Source "ChessBase"]
[SourceDate "2015.09.14"]

1. e4 e5 2. Nf3 Nc6 3. Bb5 Bc5 4. O-O d6 5. c3 a6 6. Ba4 b5 7. Bc2 Bg4 8. d3 h6
9. Re1 Nf6 10. Nbd2 O-O 11. h3 Be6 12. Nf1 Re8 13. d4 exd4 14. cxd4 Bb4 15. Bd2
Bxd2 16. Qxd2 Ne7 17. d5 Bd7 18. Nd4 c6 19. dxc6 Nxc6 20. Ng3 Nxd4 21. Qxd4 Rc8
22. Bb3 Be6 23. Bxe6 Rxe6 24. b3 Qe8 25. f4 Rc2 26. f5 Re5 27. Qxd6 Nxe4 28.
Qd4 Rd2 29. Qe3 Nxg3 30. Qxe5 Qxe5 31. Rxe5 Ne2+ 32. Kh1 Nf4 33. Re4 Ne2 34.
Kh2 Nc3 35. Re8+ Kh7 36. a3 Nd5 37. Rd8 1-0

[Event "37. Copenhagen Open (Politiken Cup)"]
[Site "Elsinore"]
[Date "2015.07.26"]
[Round "3"]
[White "Jorgensen, Dennis"]
[Black "Rolvag, Birk Anders"]
[Result "1/2-1/2"]
[WhiteElo "2253"]
[BlackElo "1970"]
[PlyCount "104"]
[EventDate "2015.07.25"]
[EventType "swiss"]
[EventRounds "10"]
[EventCountry "DEN"]
[Source "ChessBase"]
[SourceDate "2015.09.14"]

1. d4 d5 2. Nf3 c6 3. c4 g6 4. Nc3 Nf6 5. e3 Bg7 6. Be2 O-O 7. O-O Re8 8. h3
Nbd7 9. cxd5 cxd5 10. Qb3 e6 11. Bd2 Ne4 12. Rfd1 Qb6 13. Bb5 Nd6 14. Qa4 Nxb5
15. Qxb5 a6 16. Qa4 Qd8 17. Qc2 Nb6 18. b3 Bd7 19. Rdc1 Nc8 20. Ne5 Nd6 21. Qb2
Rc8 22. Rc2 f6 23. Nxd7 Qxd7 24. Rac1 b5 25. Ne2 Rxc2 26. Rxc2 Rc8 27. Bb4 Nb7
28. Nf4 Bf8 29. Bxf8 Rxc2 30. Qxc2 Kxf8 31. h4 e5 32. Nd3 e4 33. Nf4 Kf7 34.
Qc3 g5 35. hxg5 fxg5 36. Ne2 Nd8 37. Qa5 Qd6 38. Ng3 Ne6 39. Qd2 Qc7 40. Qe2
Ng7 41. Qg4 Kg6 42. f4 exf3 43. Qxf3 Qf7 44. Qe2 Qe6 45. Qc2+ Kh6 46. Qd3 Qc6
47. Qf1 Qe6 48. Qd3 Qc6 49. Qe2 Kg6 50. Qf3 h5 51. Qf8 h4 52. Nf1 Qe6 1/2-1/2

[Event "37. Copenhagen Open (Politiken Cup)"]
[Site "Elsinore"]
[Date "2015.07.26"]
[Round "3"]
[White "Jorgensen, Orla Eilegaard"]
[Black "Bjornes, Leif"]
[Result "1/2-1/2"]
[WhiteElo "1656"]
[BlackElo "1867"]
[PlyCount "99"]
[EventDate "2015.07.25"]
[EventType "swiss"]
[EventRounds "10"]
[EventCountry "DEN"]
[Source "ChessBase"]
[SourceDate "2015.09.14"]

1. e4 c6 2. d4 d5 3. e5 Bf5 4. Bd3 Bxd3 5. Qxd3 e6 6. Nf3 Qa5+ 7. c3 Qa6 8.
Qxa6 Nxa6 9. O-O Ne7 10. Nbd2 Nf5 11. Nb3 b6 12. g4 Ne7 13. Bg5 Ng6 14. Nh4 Be7
15. Bxe7 Kxe7 16. Ng2 f6 17. f4 Rhf8 18. f5 Nh8 19. fxe6 fxe5 20. dxe5 Ng6 21.
Rae1 Rxf1+ 22. Kxf1 Nc5 23. Nd4 Nd3 24. Nxc6+ Kxe6 25. Nd4+ Ke7 26. Re2 Ngxe5
27. Nf5+ Kf6 28. Nge3 Rd8 29. h4 Nxg4 30. Nxg4+ Kxf5 31. Ne3+ Kf4 32. Ng2+ Kf5
33. Ne3+ Kf6 34. Ng4+ Kg6 35. Ne5+ Nxe5 36. Rxe5 d4 37. cxd4 Rxd4 38. Re7 Rd2
39. Rxa7 Rxb2 40. Ra4 h6 41. a3 Kh5 42. Kg1 g6 43. Kh1 Rb5 44. Rd4 Ra5 45. a4
g5 46. hxg5 hxg5 47. Rb4 Ra6 48. Kg2 Kg6 49. Kg3 Kf5 50. Kf3 1/2-1/2

[Event "37. Copenhagen Open (Politiken Cup)"]
[Site "Elsinore"]
[Date "2015.07.26"]
[Round "3"]
[White "Justinussen, Sigurd B"]
[Black "Nilssen, John Arni"]
[Result "0-1"]
[WhiteElo "1959"]
[BlackElo "2285"]
[PlyCount "74"]
[EventDate "2015.07.25"]
[EventType "swiss"]
[EventRounds "10"]
[EventCountry "DEN"]
[Source "ChessBase"]
[SourceDate "2015.09.14"]

1. e4 c5 2. Nf3 Nc6 3. c3 d5 4. exd5 Qxd5 5. d4 Bg4 6. Be2 cxd4 7. cxd4 e6 8.
O-O Nf6 9. Nc3 Qa5 10. Qb3 Qb4 11. Qxb4 Bxb4 12. Be3 O-O 13. a3 Be7 14. b4 Rac8
15. h3 Bh5 16. Na4 Nd5 17. Rac1 f5 18. Nc5 f4 19. Bd2 Bxc5 20. Rxc5 Bxf3 21.
Bxf3 Nxd4 22. Bxd5 Rxc5 23. bxc5 exd5 24. Rb1 Rf7 25. Kh2 h6 26. Re1 Nc6 27.
Re8+ Kh7 28. Re6 d4 29. Rd6 Rf5 30. Rd7 Rxc5 31. Rxb7 f3 32. gxf3 Ne5 33. Kg3
Nc4 34. Bb4 Rg5+ 35. Kf4 a5 36. Bf8 d3 37. Rd7 d2 0-1

[Event "37. Copenhagen Open (Politiken Cup)"]
[Site "Elsinore"]
[Date "2015.07.26"]
[Round "3"]
[White "Kaasen, Tor Fredrik"]
[Black "Rasdal, Yngve"]
[Result "1-0"]
[WhiteElo "2026"]
[BlackElo "1790"]
[PlyCount "63"]
[EventDate "2015.07.25"]
[EventType "swiss"]
[EventRounds "10"]
[EventCountry "DEN"]
[Source "ChessBase"]
[SourceDate "2015.09.14"]

1. e4 c6 2. d4 d5 3. f3 e6 4. Nc3 Nd7 5. Be3 Bb4 6. Qd2 Bxc3 7. Qxc3 dxe4 8.
O-O-O Ngf6 9. Bg5 Qc7 10. Re1 h6 11. Bxf6 Nxf6 12. fxe4 Qf4+ 13. Qd2 Qxd2+ 14.
Kxd2 O-O 15. e5 Nd7 16. Nf3 c5 17. c3 b6 18. Bc4 Bb7 19. Rhf1 Rfd8 20. Ke3 Rac8
21. b3 cxd4+ 22. cxd4 Nb8 23. g4 Na6 24. g5 Nb4 25. Re2 Bxf3 26. Rxf3 hxg5 27.
Rg2 Nd5+ 28. Ke4 Ne7 29. Rxg5 Nf5 30. d5 exd5+ 31. Bxd5 g6 32. Rfxf5 1-0

[Event "37. Copenhagen Open (Politiken Cup)"]
[Site "Elsinore"]
[Date "2015.07.26"]
[Round "3"]
[White "Kakulidis, Ellen"]
[Black "Hansen, Max"]
[Result "0-1"]
[WhiteElo "1770"]
[BlackElo "2025"]
[PlyCount "56"]
[EventDate "2015.07.25"]
[EventType "swiss"]
[EventRounds "10"]
[EventCountry "DEN"]
[Source "ChessBase"]
[SourceDate "2015.09.14"]

1. d4 Nf6 2. c4 c5 3. d5 e5 4. Nc3 d6 5. e4 Be7 6. f4 exf4 7. Bxf4 Nbd7 8. Nf3
Nh5 9. Be3 O-O 10. Qd2 a6 11. Be2 g6 12. O-O-O Bf6 13. g4 Ng7 14. h4 b5 15. h5
Qa5 16. hxg6 fxg6 17. Rh6 Bxc3 18. Qxc3 Qxc3+ 19. bxc3 Nf6 20. Ng5 Bxg4 21. Re1
Bxe2 22. Rxe2 Rae8 23. Bf4 Ng4 24. Ne6 Nxe6 25. dxe6 Rxf4 26. Rh4 Rxe6 27. cxb5
axb5 28. Rb2 Rf1+ 0-1

[Event "37. Copenhagen Open (Politiken Cup)"]
[Site "Elsinore"]
[Date "2015.07.26"]
[Round "3"]
[White "Klitgaard, Ebbe"]
[Black "Rydstrom, Tom"]
[Result "0-1"]
[WhiteElo "1961"]
[BlackElo "2346"]
[PlyCount "84"]
[EventDate "2015.07.25"]
[EventType "swiss"]
[EventRounds "10"]
[EventCountry "DEN"]
[Source "ChessBase"]
[SourceDate "2015.09.14"]

1. c4 e5 2. Nc3 Nf6 3. g3 d5 4. cxd5 Nxd5 5. Bg2 Nb6 6. Nf3 Nc6 7. O-O Be7 8.
e3 O-O 9. d4 exd4 10. Nxd4 Nxd4 11. Qxd4 c6 12. Rd1 Be6 13. b3 Qxd4 14. exd4
Rfd8 15. Be3 Rd7 16. Rac1 f5 17. Bf4 Kf7 18. Be5 a5 19. d5 Nxd5 20. Bxd5 Bxd5
21. Na4 Bd8 22. Nc5 Re7 23. Bd6 Re2 24. Nxb7 Rxa2 25. Nxd8+ Rxd8 26. Bc7 Re8
27. Bb6 Rb8 28. Bc5 Rxb3 29. Re1 Rb7 30. Re5 g6 31. Rce1 a4 32. h4 h5 33. Re8
Be4 34. Rf8+ Kg7 35. Ra8 Rb1 36. Rxb1 Bxb1 37. Ra7+ Kf6 38. Bd4+ Ke6 39. f4 Be4
40. Bc5 Kd5 41. Bf2 Ra1+ 42. Kh2 Rh1# 0-1

[Event "37. Copenhagen Open (Politiken Cup)"]
[Site "Elsinore"]
[Date "2015.07.26"]
[Round "3"]
[White "Kollars, Dmitrij"]
[Black "Risting, Eivind Olav"]
[Result "1-0"]
[WhiteElo "2437"]
[BlackElo "2190"]
[PlyCount "91"]
[EventDate "2015.07.25"]
[EventType "swiss"]
[EventRounds "10"]
[EventCountry "DEN"]
[Source "ChessBase"]
[SourceDate "2015.09.14"]

1. e4 e6 2. d4 d5 3. Nd2 a6 4. Ngf3 c5 5. exd5 exd5 6. Bd3 c4 7. Be2 Nf6 8. c3
Bd6 9. b3 b5 10. a4 Bb7 11. Ba3 O-O 12. axb5 axb5 13. Bxd6 Qxd6 14. Rxa8 Bxa8
15. O-O Nbd7 16. Re1 Re8 17. Bf1 Rxe1 18. Nxe1 Qe6 19. Nc2 Bb7 20. g3 Ne4 21.
Nxe4 Qxe4 22. Bg2 Qe6 23. bxc4 bxc4 24. Ne3 Bc6 25. Qa1 Nf6 26. Qa6 Qe8 27. h3
g6 28. Kh2 Kg7 29. Qb6 Ba8 30. Qa5 Qc6 31. Qd8 Bb7 32. Qe7 Ba8 33. g4 h6 34.
Kg3 Bb7 35. h4 Kg8 36. Qe5 h5 37. g5 Ne4+ 38. Bxe4 dxe4 39. d5 Qd7 40. Qxe4 Bc8
41. Kg2 Qh3+ 42. Kg1 Bg4 43. Nxg4 hxg4 44. Qe8+ Kg7 45. Qe5+ Kf8 46. d6 1-0

[Event "37. Copenhagen Open (Politiken Cup)"]
[Site "Elsinore"]
[Date "2015.07.26"]
[Round "3"]
[White "Kramer, Julian"]
[Black "Jensen, Tobias Ilsoe"]
[Result "1-0"]
[WhiteElo "2312"]
[BlackElo "2014"]
[PlyCount "67"]
[EventDate "2015.07.25"]
[EventType "swiss"]
[EventRounds "10"]
[EventCountry "DEN"]
[Source "ChessBase"]
[SourceDate "2015.09.14"]

1. e4 c5 2. Nf3 d6 3. d4 cxd4 4. Nxd4 Nf6 5. Nc3 a6 6. Bg5 e6 7. f4 Nbd7 8. Qe2
Qc7 9. O-O-O b5 10. g4 Bb7 11. Bg2 Be7 12. a3 Rc8 13. Kb1 Nb6 14. Bxf6 gxf6 15.
f5 e5 16. Nb3 d5 17. exd5 Nc4 18. d6 Bxd6 19. Bxb7 Qxb7 20. Ne4 Be7 21. g5 fxg5
22. f6 Bf8 23. Rhe1 Qc7 24. Ka2 a5 25. Ned2 Bd6 26. Nxc4 bxc4 27. Nd4 Qb6 28.
Nf5 Bc7 29. Qd2 Rd8 30. Rxe5+ Kf8 31. Qxg5 Qxb2+ 32. Kxb2 Bxe5+ 33. Nd4 Bxd4+
34. Rxd4 1-0

[Event "37. Copenhagen Open (Politiken Cup)"]
[Site "Elsinore"]
[Date "2015.07.26"]
[Round "3"]
[White "Kristensen, Thomas Overgaard"]
[Black "Lunde, Sigmund"]
[Result "1-0"]
[WhiteElo "1545"]
[BlackElo "1898"]
[PlyCount "67"]
[EventDate "2015.07.25"]
[EventType "swiss"]
[EventRounds "10"]
[EventCountry "DEN"]
[Source "ChessBase"]
[SourceDate "2015.09.14"]

1. d4 Nf6 2. c4 c6 3. Nc3 d5 4. Bg5 e6 5. cxd5 exd5 6. e3 Be7 7. Bd3 Nbd7 8.
Nge2 O-O 9. Qc2 Re8 10. Nf4 Nf8 11. h4 h6 12. O-O-O b5 13. Rdg1 b4 14. Na4 hxg5
15. hxg5 Ne4 16. g6 Nxg6 17. Nxg6 fxg6 18. Bxe4 dxe4 19. Qxc6 Kf7 20. Qxa8 Qc7+
21. Nc5 Be6 22. Qxe4 Bxc5 23. Qf3+ Ke7 24. dxc5 Qa5 25. Qb7+ Kf6 26. Rh7 Re7
27. Qf3+ Bf5 28. Qc6+ Kf7 29. Rd1 Rc7 30. Qd5+ Be6 31. Qf3+ Kg8 32. Rh8+ Kxh8
33. Qf8+ Kh7 34. Rh1+ 1-0

[Event "37. Copenhagen Open (Politiken Cup)"]
[Site "Elsinore"]
[Date "2015.07.26"]
[Round "3"]
[White "Kristiansen, Jens"]
[Black "Nielsen, Andre"]
[Result "1-0"]
[WhiteElo "2423"]
[BlackElo "1963"]
[PlyCount "191"]
[EventDate "2015.07.25"]
[EventType "swiss"]
[EventRounds "10"]
[EventCountry "DEN"]
[Source "ChessBase"]
[SourceDate "2015.09.14"]

1. d4 Nf6 2. Nf3 e6 3. e3 b6 4. Bd3 Bb7 5. O-O Be7 6. c4 O-O 7. Nc3 d5 8. cxd5
exd5 9. Ne5 Nbd7 10. f4 Ne4 11. Nxe4 dxe4 12. Bc4 Nf6 13. Bd2 c6 14. Rc1 Rc8
15. Qb3 Nd5 16. Bxd5 Qxd5 17. Qxd5 cxd5 18. a3 f6 19. Ng4 Ba6 20. Rfe1 Rxc1 21.
Rxc1 Rc8 22. Rxc8+ Bxc8 23. Nf2 Ba6 24. Nd1 Kf7 25. Kf2 f5 26. h3 h5 27. Bb4
Bxb4 28. axb4 Bb5 29. Nc3 Bc6 30. Kg3 g6 31. Kh4 Kf6 32. g4 hxg4 33. hxg4 b5
34. gxf5 Kxf5 35. Nd1 Bd7 36. Nf2 Be6 37. Ng4 a6 38. Nh6+ Kf6 39. Ng4+ Kf5 40.
Ne5 Bc8 41. Nc6 Be6 42. Nd8 Bc8 43. Nf7 Kf6 44. Nd6 Bd7 45. Nb7 Bc8 46. Nc5 Kf5
47. Kh3 g5 48. fxg5 Kxg5+ 49. Kg3 Kf5 50. Kh4 Kg6 51. Nb3 Bd7 52. Nc1 Kf5 53.
Ne2 Be6 54. Ng3+ Kg6 55. Nh5 Bf7 56. Nf4+ Kf5 57. b3 Bg8 58. Kh5 Bf7+ 59. Kh4
Bg8 60. Nh5 Kg6 61. Ng3 Be6 62. Ne2 Bf7 63. Kg4 Be6+ 64. Kf4 Kf6 65. Ng3 Bf7
66. Nf5 Bh5 67. Nd6 Bd1 68. Nb7 Bxb3 69. Nc5 Bc4 70. Nxa6 Ke6 71. Kg5 Kd6 72.
Kf6 Bf1 73. Nc5 Bh3 74. Kf7 Bg4 75. Ke8 Bh3 76. Kf7 Bg4 77. Nb3 Bd1 78. Nd2 Be2
79. Nb1 Bd3 80. Nc3 Bc4 81. Kf6 Bf1 82. Nd1 Bc4 83. Nf2 Be2 84. Nh1 Bc4 85. Ng3
Bb3 86. Nf5+ Kd7 87. Ke5 Bc4 88. Ng7 Bb3 89. Nh5 Bc4 90. Nf4 Kc6 91. Ke6 Bb3
92. Ng6 Bc4 93. Ne7+ Kc7 94. Ke5 Kd7 95. Nxd5 Kc6 96. Nc3 1-0

[Event "37. Copenhagen Open (Politiken Cup)"]
[Site "Elsinore"]
[Date "2015.07.26"]
[Round "3"]
[White "Kristoffersen, Haakon"]
[Black "Schjolin, John"]
[Result "0-1"]
[WhiteElo "1692"]
[BlackElo "1276"]
[PlyCount "48"]
[EventDate "2015.07.25"]
[EventType "swiss"]
[EventRounds "10"]
[EventCountry "DEN"]
[Source "ChessBase"]
[SourceDate "2015.09.14"]

1. e4 e5 2. Nf3 d6 3. h3 c5 4. Bc4 h6 5. Nc3 Nf6 6. d3 a6 7. a3 Be7 8. O-O O-O
9. Be3 Ra7 10. b4 b6 11. bxc5 dxc5 12. Nxe5 Be6 13. Bxe6 fxe6 14. Ng6 Re8 15.
Nxe7+ Rexe7 16. Qf3 e5 17. Qg3 g5 18. h4 g4 19. f3 h5 20. fxg4 Nxg4 21. Bg5
Qd4+ 22. Kh1 Rg7 23. Nd5 Raf7 24. Rxf7 Qxa1+ 0-1

[Event "37. Copenhagen Open (Politiken Cup)"]
[Site "Elsinore"]
[Date "2015.07.26"]
[Round "3"]
[White "Kvisvik, Brede Alexander"]
[Black "Thomsen, Kim"]
[Result "1-0"]
[WhiteElo "2304"]
[BlackElo "1997"]
[PlyCount "63"]
[EventDate "2015.07.25"]
[EventType "swiss"]
[EventRounds "10"]
[EventCountry "DEN"]
[Source "ChessBase"]
[SourceDate "2015.09.14"]

1. d4 Nf6 2. c4 e6 3. g3 d5 4. Nf3 Be7 5. Bg2 O-O 6. O-O c6 7. Qc2 Re8 8. b3 a5
9. Nc3 Nbd7 10. Rd1 b6 11. Bb2 Ba6 12. Nd2 Rc8 13. e4 c5 14. exd5 cxd4 15. dxe6
fxe6 16. Nce4 e5 17. Bh3 Rc6 18. Ng5 Nf8 19. Qd3 Nd5 20. Ngf3 Ng6 21. Qe4 Nb4
22. a3 Bb7 23. axb4 Qa8 24. Qd5+ Kh8 25. Nxe5 Nxe5 26. Qxe5 Rh6 27. Bd7 Bh1 28.
f3 Bxf3 29. Nxf3 Qxf3 30. Bxe8 Bd6 31. Qxd4 Rf6 32. Rf1 1-0

[Event "37. Copenhagen Open (Politiken Cup)"]
[Site "Elsinore"]
[Date "2015.07.26"]
[Round "3"]
[White "Larsen, Arne Walther"]
[Black "Kvamme, Ingrid Jodre"]
[Result "1-0"]
[WhiteElo "1824"]
[BlackElo "1351"]
[PlyCount "51"]
[EventDate "2015.07.25"]
[EventType "swiss"]
[EventRounds "10"]
[EventCountry "DEN"]
[Source "ChessBase"]
[SourceDate "2015.09.14"]

1. Nf3 c5 2. g3 Nf6 3. Bg2 g6 4. b3 Bg7 5. Bb2 O-O 6. c4 Nc6 7. O-O d6 8. d3
Bd7 9. Nbd2 a6 10. a3 b5 11. Ne1 Rb8 12. Rb1 bxc4 13. bxc4 Qc7 14. Nc2 Ng4 15.
Bxg7 Kxg7 16. Ne4 Nge5 17. Nc3 Rxb1 18. Qxb1 Rb8 19. Qa1 Rb3 20. Nd5 Qb8 21. f4
Rb2 22. fxe5 Rxc2 23. exd6+ f6 24. dxe7 Qd6 25. Nxf6 Qd4+ 26. Qxd4 1-0

[Event "37. Copenhagen Open (Politiken Cup)"]
[Site "Elsinore"]
[Date "2015.07.26"]
[Round "3"]
[White "Haagen Larsen, Hans"]
[Black "Langvik, Ulrikke"]
[Result "1-0"]
[WhiteElo "1714"]
[BlackElo "1405"]
[PlyCount "69"]
[EventDate "2015.07.25"]
[EventType "swiss"]
[EventRounds "10"]
[EventCountry "DEN"]
[Source "ChessBase"]
[SourceDate "2015.09.14"]

1. d4 e6 2. Bf4 d5 3. Nf3 Nc6 4. e3 Nf6 5. c3 Bd6 6. Ne5 Bd7 7. Nd2 Qe7 8. Be2
h6 9. h3 Nh7 10. Qc2 O-O-O 11. a4 Bxe5 12. dxe5 f6 13. Nf3 g5 14. exf6 Nxf6 15.
Bh2 Be8 16. Ne5 Nxe5 17. Bxe5 Rg8 18. b4 Bg6 19. Bd3 Nd7 20. Bd4 Bxd3 21. Qxd3
b6 22. Qa6+ Kb8 23. a5 Qd6 24. axb6 Nxb6 25. Qxa7+ Kc8 26. Qa6+ Kd7 27. O-O Nc4
28. Qa4+ c6 29. Qc2 Ke8 30. Qh7 Qf8 31. Ra7 Nd6 32. Bc5 e5 33. Qc7 Qf6 34.
Qxc6+ Kf8 35. Rd1 1-0